1168 1099 1505 1658 1860 1089 1113 1371 1618 1951 1289 1674 1801 1475 1039 1493 1670 1673 1157 1095 1143 1378 1667 1033 1346 1611 1551 1686 1563 1420 1438 1811 1505 1283 1815 1678 1562 1214 1806 1514 1232 1787 1409 1136 1632 1575 1469 1178 1870 1635 1839 1642 1369 1631 1104 1326 1269 1121 1586 1652 1814 1288 1613 1256 1927 1167 1204 1167 1666 1749 1943 1108 1188 1891 1486 1992 1769 1581 1745 1865 1728 1438 1841 1506 1402 1277 1329 1557 1614 1291 1990 1399 1562 1139 1818 1979 1035 1478 1021 BCNSPRNW ULIB Ver.6.0+V

เปลี่ยนเป็นภาษาไทย

Change to English
 แสดงรายละเอียดบรรณานุกรม
  กลับหน้าหลัก

Brief Record : Get Marc (ISO 2709) : E-mail record : QR code < ปิดหน้าต่าง
LEADER : 00000nam 2200000uu 4500
001    13399121438
003     ULIB
008    121119s2551||||th 000 0 tha d
020    ^a9789748478890
090    ^aนว.^bป164ห
100 0  ^aปภาฐิตา
245 00 ^aหลากหัวใจในสายลมรัก/^cปภาฐิตา
250    ^aพิมพ์ครั้งที่ 1
260    ^aกรุงเทพฯ :^bไฟน์บุ๊ค,^c2551
300    ^a228 หน้า
710 1  ^aไฟน์บุ๊ค
945    ^p160^l0^i14055
995    ^aทศพร
999    ^aทศพร เกษรทอง
รายการนี้ยังไม่มีแท็ก
คุณยังไม่ได้ล็อกอิน คุณสามารถมีกิจกรรมร่วมกับเว็บไซต์ได้ แต่ต้องล็อกอินก่อน ::
  ล็อกอิน

รายการสื่อสารสนเทศ

ลำดับที่ ประเภท เลขเรียก/บาร์โค้ด สถานที่ สถานะ
1. นวนิยาย
นวนิยาย
นว. ป164ห ฉ.1 
  Barcode: 14055
ห้องสมุดวิทยาเขตสวรรค์ประชารักษ์
►นวนิยาย
บนชั้น
  ขอยืม

BibComment


ยังไม่เคยถูกคอมเมนท์

คอมเมนท์ทรัพยากรรายการนี้
  คอมเมนท์: หลากหัวใจในสายลม..


 Copyright 2026. Bcnsprnw @Library